<?xml version="1.0" encoding="UTF-8"?>
<record
    xmlns:xsi="http://www.w3.org/2001/XMLSchema-instance"
    xsi:schemaLocation="http://www.loc.gov/MARC21/slim http://www.loc.gov/standards/marcxml/schema/MARC21slim.xsd"
    xmlns="http://www.loc.gov/MARC21/slim">

  <leader>01670nam a22003137a 4500</leader>
  <controlfield tag="001">8549</controlfield>
  <controlfield tag="003">FISKH</controlfield>
  <controlfield tag="005">20250929103726.0</controlfield>
  <controlfield tag="008">250929b        cb ||||| |||| 00| 0 eng d</controlfield>
  <datafield tag="020" ind1=" " ind2=" ">
    <subfield code="a">9789996301094</subfield>
  </datafield>
  <datafield tag="040" ind1=" " ind2=" ">
    <subfield code="a">FISKH</subfield>
    <subfield code="b">khr</subfield>
    <subfield code="c">FISKH</subfield>
    <subfield code="d">FISKH</subfield>
  </datafield>
  <datafield tag="050" ind1=" " ind2=" ">
    <subfield code="a">PZ7</subfield>
  </datafield>
  <datafield tag="082" ind1=" " ind2=" ">
    <subfield code="a">590</subfield>
  </datafield>
  <datafield tag="100" ind1=" " ind2=" ">
    <subfield code="a">Tongleang, Noeun </subfield>
  </datafield>
  <datafield tag="245" ind1=" " ind2=" ">
    <subfield code="a">&#x1798;&#x17BC;&#x179F;&#x1781;&#x17D2;&#x179B;&#x17B6;&#x17A2;&#x179F;&#x17CB;&#x179B;&#x1780;&#x17D2;&#x1781;&#x178E;&#x17CF; : </subfield>
    <subfield code="b">The unlucky tiger mosquitoes /</subfield>
    <subfield code="c">&#x1793;&#x17B7;&#x1796;&#x1793;&#x17D2;&#x1792;&#x178A;&#x17C4;&#x1799; &#x179B;&#x17C4;&#x1780; &#x1793;&#x17BF;&#x1793; &#x178F;&#x17BB;&#x1784;&#x179B;&#x17B6;&#x1784; ,&#x200B; &#x1796;&#x17B7;&#x1793;&#x17B7;&#x178F;&#x17D2;&#x1799;&#x17A2;&#x1780;&#x17D2;&#x1781;&#x179A;&#x17B6;&#x179C;&#x17B7;&#x179A;&#x17BB;&#x1791;&#x17D2;&#x1792; &#x17A2;&#x17D2;&#x1793;&#x1780;&#x179F;&#x17D2;&#x179A;&#x17B8; &#x1782;&#x17B9;&#x1798; &#x179F;&#x17CA;&#x17BB;&#x1793; &#x179F;&#x17BB;&#x1792;&#x17B6;&#x179A;&#x17B8; </subfield>
  </datafield>
  <datafield tag="260" ind1=" " ind2=" ">
    <subfield code="a">Phnom Penh : </subfield>
    <subfield code="b">Reading Books , </subfield>
    <subfield code="c">2010 . </subfield>
  </datafield>
  <datafield tag="300" ind1=" " ind2=" ">
    <subfield code="a">20 pages : </subfield>
    <subfield code="b">color illustrations ;</subfield>
    <subfield code="c">25 cm .</subfield>
  </datafield>
  <datafield tag="490" ind1=" " ind2=" ">
    <subfield code="a">&#x1796;&#x17B7;&#x1797;&#x1796;&#x179A;&#x17BF;&#x1784;&#x1793;&#x17B7;&#x1791;&#x17B6;&#x1793;</subfield>
  </datafield>
  <datafield tag="505" ind1=" " ind2=" ">
    <subfield code="a">K 
</subfield>
  </datafield>
  <datafield tag="520" ind1=" " ind2=" ">
    <subfield code="a">&#x1780;&#x17D2;&#x1793;&#x17BB;&#x1784;&#x179A;&#x17BF;&#x1784;&#x1793;&#x17C1;&#x17C7;&#x1785;&#x1784;&#x17CB;&#x17A2;&#x1794;&#x17CB;&#x179A;&#x17C6;&#x17A2;&#x17C4;&#x1799;&#x1794;&#x17D2;&#x17A2;&#x17BC;&#x1793;&#x17D7;&#x1780;&#x17BB;&#x1798;&#x17B6;&#x179A;&#x1794;&#x17B6;&#x1793;&#x178A;&#x17B9;&#x1784;&#x1796;&#x17B8;&#x1787;&#x17C6;&#x1784;&#x17B8;&#x1782;&#x17D2;&#x179A;&#x17BB;&#x1793;&#x1788;&#x17B6;&#x1798; &#x178A;&#x17C2;&#x179B;&#x1794;&#x178E;&#x17D2;&#x178F;&#x17B6;&#x179B;&#x1798;&#x1780;&#x1796;&#x17B8;&#x1798;&#x17BC;&#x179F;&#x1781;&#x17D2;&#x179B;&#x17B6;&#x1781;&#x17B6;&#x17C6; &#x1793;&#x17B7;&#x1784;&#x179C;&#x17B8;&#x1792;&#x17B8;&#x1780;&#x17B6;&#x179A;&#x1796;&#x17B6;&#x179A;&#x1780;&#x17BB;&#x17C6;&#x17A2;&#x17C4;&#x1799;&#x1798;&#x17B6;&#x1793;&#x1798;&#x17BC;&#x179F;&#x1781;&#x17D2;&#x179B;&#x17B6;&#x17D4; </subfield>
  </datafield>
  <datafield tag="520" ind1=" " ind2=" ">
    <subfield code="a">In this story, we want to educate children about dengue fever, which is caused by bites from Aedes mosquitoes, and how to prevent the breeding of these mosquitoes.</subfield>
  </datafield>
  <datafield tag="521" ind1="8" ind2=" ">
    <subfield code="a">510 
</subfield>
    <subfield code="b">Lexile estimate 
</subfield>
  </datafield>
  <datafield tag="521" ind1="8" ind2=" ">
    <subfield code="a">K 
</subfield>
    <subfield code="b">Raz-Plus 
</subfield>
  </datafield>
  <datafield tag="650" ind1=" " ind2=" ">
    <subfield code="a">&#x1798;&#x17BC;&#x179F;&#x1781;&#x17D2;&#x179B;&#x17B6;&#x17A2;&#x179F;&#x17CB;&#x179B;&#x1780;&#x17D2;&#x1781;&#x178E;&#x17CF; </subfield>
    <subfield code="v">&#x179A;&#x17BF;&#x1784;&#x1793;&#x17B7;&#x1791;&#x17B6;&#x1793;&#x1780;&#x17BB;&#x1798;&#x17B6;&#x179A; </subfield>
  </datafield>
  <datafield tag="650" ind1=" " ind2=" ">
    <subfield code="a">Unlucky tiger mosquito </subfield>
    <subfield code="v">Children's stories </subfield>
  </datafield>
  <datafield tag="700" ind1=" " ind2=" ">
    <subfield code="a">Bunthorn, Theak </subfield>
    <subfield code="e">Illustrator </subfield>
  </datafield>
  <datafield tag="942" ind1=" " ind2=" ">
    <subfield code="2">ddc</subfield>
    <subfield code="c">KHB</subfield>
    <subfield code="n">0</subfield>
  </datafield>
  <datafield tag="999" ind1=" " ind2=" ">
    <subfield code="c">8549</subfield>
    <subfield code="d">8549</subfield>
  </datafield>
  <datafield tag="952" ind1=" " ind2=" ">
    <subfield code="0">0</subfield>
    <subfield code="1">0</subfield>
    <subfield code="2">ddc</subfield>
    <subfield code="4">0</subfield>
    <subfield code="7">0</subfield>
    <subfield code="8">Khmer-English Bilingual </subfield>
    <subfield code="a">002</subfield>
    <subfield code="b">002</subfield>
    <subfield code="c">TTP Khmer</subfield>
    <subfield code="d">2025-09-29</subfield>
    <subfield code="l">1</subfield>
    <subfield code="o">TON PZ7 590</subfield>
    <subfield code="p">FIS04052</subfield>
    <subfield code="r">2025-12-18 14:58:53</subfield>
    <subfield code="s">2025-12-11</subfield>
    <subfield code="t">1</subfield>
    <subfield code="w">2025-09-29</subfield>
    <subfield code="y">KHB</subfield>
  </datafield>
  <datafield tag="952" ind1=" " ind2=" ">
    <subfield code="0">0</subfield>
    <subfield code="1">0</subfield>
    <subfield code="2">ddc</subfield>
    <subfield code="4">0</subfield>
    <subfield code="7">0</subfield>
    <subfield code="8">Khmer-English Bilingual </subfield>
    <subfield code="a">002</subfield>
    <subfield code="b">002</subfield>
    <subfield code="c">TTP Khmer</subfield>
    <subfield code="d">2025-10-09</subfield>
    <subfield code="l">0</subfield>
    <subfield code="o">TON PZ7 590</subfield>
    <subfield code="p">FISBK03741</subfield>
    <subfield code="r">2025-10-09 15:04:43</subfield>
    <subfield code="t">2</subfield>
    <subfield code="w">2025-10-09</subfield>
    <subfield code="y">KHB</subfield>
  </datafield>
</record>
